[Event "Berlin Lichtenberger op 16th"]
[Site "Berlin"]
[Date "2017.08.19"]
[Round "1"]
[White "Schneider, Christian1111"]
[Black "Ros Alonso, Joana"]
[Result "1-0"]
[WhiteElo "2215"]
[BlackElo "1820"]
[PlyCount "45"]
[EventDate "2017.08.19"]
[EventType "swiss"]
[EventRounds "9"]
[EventCountry "GER"]
[SourceTitle "CBM 180 Extra"]
[Source "ChessBase"]
[SourceDate "2017.10.06"]
[SourceVersion "1"]
[SourceVersionDate "2017.10.06"]
[SourceQuality "1"]

1. c4 Nf6 2. g3 g6 3. Bg2 Bg7 4. e4 d6 5. Ne2 c5 6. 0-0 0-0 7. Nbc3 Nc6 8. d3 a6 9. h3 Rb8 10. a4 e6 11. Be3 Qc7 12. Qd2 Rd8 13. Bh6 Nb4 14. Bxg7 Kxg7 15. Rac1 d5 16. cxd5 exd5 17. Nxd5 Nfxd5 18. exd5 Nxd5 19. Bxd5 Rxd5 20. Nf4 Rd4 21. Qc3 Kg8 22. Qxd4 cxd4 23. Rxc7 1-0